[Event "Batatais op 2nd"]
[Site "Batatais"]
[Date "2015.01.17"]
[Round "3"]
[White "Ferreira, Lincon Oliveira"]
[Black "Bonvini, Adriana Tonhati"]
[Result "0-1"]
[WhiteElo "1692"]
[BlackElo "1423"]
[PlyCount "76"]
[EventDate "2015.01.17"]
[EventType "swiss"]
[EventRounds "5"]
[EventCountry "BRA"]
[SourceTitle "CBM 164 Extra"]
[Source "ChessBase"]
[SourceDate "2015.03.02"]
[SourceVersion "1"]
[SourceVersionDate "2015.03.02"]
[SourceQuality "1"]

1. e4 e5 2. Nf3 Nc6 3. d4 exd4 4. Nxd4 Bc5 5. Be3 Qf6 6. c3 Nge7 7. g3 d5 8. Bg2 dxe4 9. Bxe4 Bh3 10. Qf3 Bxd4 11. cxd4 Qxf3 12. Bxf3 0-0-0 13. Nd2 Nxd4 14. 0-0-0 Nxf3 15. Nxf3 Bg2 16. Ne5 Bxh1 17. Rxh1 Rhf8 18. Bc5 Rd5 19. Bxe7 Re8 20. Nc6 bxc6 21. Bb4 Re2 22. f4 Rd3 23. a3 Rf3 24. Bc5 Rb3 25. Bd4 Rd3 26. Bc3 c5 27. Bxg7 Rdd2 28. h4 Rh2 29. Re1 Rde2 30. Rf1 Reg2 31. Bf6 Rxg3 32. f5 Rgg2 33. Rd1 Rf2 34. Be5 Rxh4 35. Bg3 Rc4+ 36. Kb1 Rxf5 37. Rh1 Rg4 38. Be1 Rgf4 0-1

[Event "Ribeirao Preto op"]
[Site "Ribeirao Preto"]
[Date "2014.04.05"]
[Round "3"]
[White "De Assis, Fabio Nery"]
[Black "Ferreira, Lincon Oliveira"]
[Result "1/2-1/2"]
[WhiteElo "1810"]
[BlackElo "1699"]
[PlyCount "76"]
[EventDate "2014.04.04"]
[EventType "swiss"]
[EventRounds "6"]
[EventCountry "BRA"]
[SourceTitle "CBM 159 Extra"]
[Source "ChessBase"]
[SourceDate "2014.04.24"]
[SourceVersion "1"]
[SourceVersionDate "2014.04.24"]
[SourceQuality "1"]

1. e4 c6 2. d4 d5 3. Nc3 dxe4 4. Nxe4 Bf5 5. Ng3 Bg6 6. Nh3 e6 7. Nf4 Ne7 8. h4 h6 9. h5 Bh7 10. c3 Nd5 11. Bd3 Nxf4 12. Bxf4 Bxd3 13. Qxd3 Bd6 14. Bd2 Nd7 15. 0-0-0 Nf6 16. Ne4 Nxe4 17. Qxe4 Qb6 18. Qg4 Bf8 19. Qf3 Qc7 20. Bf4 Bd6 21. Bxd6 Qxd6 22. Qg4 0-0 23. Rh3 f5 24. Qe2 Qf4+ 25. Qe3 Qxe3+ 26. Rxe3 Rae8 27. Rde1 Rf6 28. Kd2 Kf7 29. Ke2 g6 30. hxg6+ Rxg6 31. g3 h5 32. Rh1 Rh6 33. f3 Rg8 34. Kf2 Rhg6 35. Rxh5 Rxg3 36. Rh7+ R8g7 37. Rxg7+ Rxg7 38. Re1 Ke7 1/2-1/2